000 00380nam a2200133Ia 4500
005 20260328101519.0
008 260328s9999||||xx |||||||||||||| ||und||
100 _aAmery, Colin
245 0 _aArchitecture, industry and innovation :
_b The early Works of Nicholas Grimshaw & Partners /
_cColin Amery
260 _bPhaidon
300 _a256 p.
650 _aARQUITECTOS
942 _cBK
999 _c9527
_d9527